Elegias de varones ilustres de Indias /

Saved in:
Bibliographic Details
Main Author: castellanos, Juan de, 1522-1607
Other Authors: Pardo, Isaac J.
Format: Book
Language:English
Published: Caracas : Academia Nacional de la Historia, 1962.
Series:Fuentes para la historia colonial de Venezuela
Subjects:
LEADER 01110nam a2200265 i 4500
001 c000024922
003 CARM
005 00000000000000.0
008 850603s1962 ve 0 eng d
019 1 |a 9233763  |5 LACONCORD2021 
035 |a (OCoLC)612782  |5 LACONCORD2021 
100 1 |a castellanos, Juan de,  |d 1522-1607. 
245 1 0 |a Elegias de varones ilustres de Indias /  |c Introd. y notas de Isaac J. Pardo. 
260 |a Caracas :  |b Academia Nacional de la Historia,  |c 1962. 
300 |a 284 p. :  |b ill. 
440 0 |a Fuentes para la historia colonial de Venezuela 
490 0 |a Academia Nacional de la Historia, Caracas  |u Biblioteca ;  |v 57 
500 |a Includes bibliographical references. 
650 0 |a Poetry of places  |z Latin America. 
651 0 |a Latin America  |x History  |y To 1600  |x Poetry. 
651 0 |a Latin America  |x Biography  |x Poetry. 
700 1 |a Pardo, Isaac J. 
852 8 |b CARM  |h A2:AE32D0  |i C00839  |p 0055951  |f BK 
999 f f |i e05bec5b-a5ef-5307-9e04-9d80d13da07b  |s 182939d7-a109-5056-9f37-d714ee2acb21 
952 f f |p Can circulate  |a CAVAL  |b CAVAL  |c CAVAL  |d CARM 1 Store  |e C00839  |f A2:AE32D0  |h Other scheme  |i book  |m 0055951